[Event "Andalucia-ch U14"]
[Site "Huelva"]
[Date "2014.04.26"]
[Round "5.7"]
[White "Henderson de la Fuente, Andrea"]
[Black "Vico Moreno, Angel"]
[Result "1-0"]
[WhiteElo "1558"]
[BlackElo "1447"]
[PlyCount "47"]
[EventDate "2014.04.25"]
[EventType "swiss"]
[EventRounds "9"]
[EventCountry "ESP"]
[SourceTitle "EXT 2024"]
[Source "ChessBase"]
[SourceDate "2023.10.10"]
[SourceVersion "1"]
[SourceVersionDate "2023.10.10"]
[SourceQuality "1"]

1. e4 e6 2. d3 d5 3. Nd2 c5 4. g3 Nc6 5. Bg2 Nge7 6. Ngf3 Qb6 7. 0-0 Bd7 8. Re1 Rc8 9. Nf1 g6 10. Ne3 d4 11. Nc4 Qc7 12. Bf4 e5 13. Nfxe5 Bg7 14. Nxf7 Ne5 15. Nfxe5 Qd8 16. Nd6+ Kf8 17. Nef7 Qb6 18. Nxc8 Nxc8 19. Nxh8 Bxh8 20. b3 Nd6 21. Qf3 Kg8 22. e5 Nb5 23. Qxb7 Qe6 24. Bd5 1-0

[Event "Andalucia-ch U14"]
[Site "Huelva"]
[Date "2014.04.25"]
[Round "2.7"]
[White "Vico Moreno, Angel"]
[Black "Jimenez Lozano, Francisco Javier"]
[Result "0-1"]
[WhiteElo "1447"]
[BlackElo "1684"]
[PlyCount "46"]
[EventDate "2014.04.25"]
[EventType "swiss"]
[EventRounds "9"]
[EventCountry "ESP"]
[SourceTitle "EXT 2024"]
[Source "ChessBase"]
[SourceDate "2023.10.10"]
[SourceVersion "1"]
[SourceVersionDate "2023.10.10"]
[SourceQuality "1"]

1. e4 d5 2. d3 dxe4 3. dxe4 Qxd1+ 4. Kxd1 Nf6 5. Nc3 e5 6. Bg5 c6 7. Bc4 Be7 8. Bxf6 Bxf6 9. Nge2 b5 10. Bb3 Nd7 11. Ng3 Nc5 12. Ke2 a5 13. a3 Nxb3 14. cxb3 Be6 15. b4 axb4 16. axb4 0-0 17. Rhd1 Be7 18. f3 Bxb4 19. Nh1 Be7 20. Nf2 b4 21. Na4 Bb3 22. Rd7 Bxa4 23. Rxe7 Bb5+ 0-1

[Event "Andalucia-ch U12"]
[Site "Islantilla"]
[Date "2012.04.14"]
[Round "6"]
[White "Vico Moreno, Angel"]
[Black "Quintana Perez, Maider"]
[Result "0-1"]
[WhiteElo "1410"]
[BlackElo "1742"]
[PlyCount "69"]
[EventDate "2012.04.13"]
[EventType "swiss"]
[EventRounds "9"]
[EventCountry "ESP"]
[SourceTitle "CBM 148 Extra"]
[Source "ChessBase"]
[SourceDate "2012.06.22"]
[SourceVersion "1"]
[SourceVersionDate "2012.06.22"]
[SourceQuality "1"]

1. e4 d5 2. exd5 Qxd5 3. Nc3 Qa5 4. d4 Nf6 5. Nf3 Bg4 6. Be2 e6 7. h3 Bh5 8. 0-0 c6 9. a3 Be7 10. Bf4 Nbd7 11. Re1 0-0 12. Ne5 Bxe2 13. Rxe2 Nxe5 14. Bxe5 Qd8 15. Ne4 Nxe4 16. Rxe4 Bf6 17. Bxf6 Qxf6 18. c3 Rad8 19. Qb3 Rd7 20. Qa4 a6 21. Rae1 Rd5 22. Re5 Rfd8 23. Qb4 Rb5 24. Rxb5 axb5 25. Re5 h6 26. a4 Ra8 27. b3 Qf4 28. Re1 bxa4 29. bxa4 Qc7 30. Rb1 Ra7 31. Kf1 Qb8 32. Ra1 Qa8 33. a5 Qd8 34. Qc5 Qa8 35. Qb4 0-1

[Event "ESP-ch U10"]
[Site "Padron"]
[Date "2011.07.02"]
[Round "7.7"]
[White "Vico Moreno, Angel"]
[Black "Amador Garcia, Ismael"]
[Result "1/2-1/2"]
[WhiteElo "1402"]
[BlackElo "1445"]
[PlyCount "128"]
[EventDate "2011.06.28"]
[EventType "swiss"]
[EventRounds "9"]
[EventCountry "ESP"]
[SourceTitle "EXT 2024"]
[Source "ChessBase"]
[SourceDate "2023.10.10"]
[SourceVersion "1"]
[SourceVersionDate "2023.10.10"]
[SourceQuality "1"]

1. e4 c5 2. Nf3 d6 3. d4 cxd4 4. Nxd4 Nf6 5. Nc3 g6 6. f4 Bg7 7. e5 dxe5 8. fxe5 Nfd7 9. e6 fxe6 10. Nxe6 Bxc3+ 11. bxc3 Qa5 12. Qd4 Nf6 13. Qc5 Qxc5 14. Nxc5 Nc6 15. Bb5 a6 16. Bxc6+ bxc6 17. 0-0 Bf5 18. Bg5 Kf7 19. Rf2 Rhb8 20. Bxf6 exf6 21. Nd3 a5 22. a4 Rc8 23. Rb1 Rab8 24. Rff1 c5 25. Rxb8 Rxb8 26. Nxc5 Bxc2 27. Rf2 Bf5 28. Rf3 Rc8 29. Nb7 Ra8 30. Nd6+ Ke6 31. Nxf5 gxf5 32. Kf2 Ra7 33. Ke3 Rd7 34. Ke2 Rd5 35. Re3+ Re5 36. Kd3 Kd6 37. Rh3 Re7 38. Rh5 Ke5 39. Kc4 Rb7 40. g4 Kf4 41. Rxf5+ Kxg4 42. Rxa5 f5 43. Re5 f4 44. Re1 Kf3 45. Rf1+ Ke3 46. a5 f3 47. a6 Ra7 48. Kb5 Ke2 49. Rxf3 Kxf3 50. Kb6 Ra8 51. a7 Ke3 52. c4 Kd4 53. c5 Rxa7 54. Kxa7 Kxc5 55. Ka6 Kd4 56. h4 h5 57. Kb5 Ke4 58. Kc4 Kf4 59. Kd3 Kg4 60. Ke3 Kxh4 61. Kf2 Kh3 62. Kg1 Kg3 63. Kh1 h4 64. Kg1 Kf3 1/2-1/2

[Event "Andalucia-ch U10 1011"]
[Site "Almeria"]
[Date "2011.03.25"]
[Round "3.7"]
[White "Vico Moreno, Angel"]
[Black "Duran Juarez, Laura Maria"]
[Result "1-0"]
[WhiteElo "1410"]
[BlackElo "1299"]
[PlyCount "52"]
[EventDate "2011.03.25"]
[EventType "swiss"]
[EventRounds "9"]
[EventCountry "ESP"]
[SourceTitle "EXT 2024"]
[Source "ChessBase"]
[SourceDate "2023.10.10"]
[SourceVersion "1"]
[SourceVersionDate "2023.10.10"]
[SourceQuality "1"]

1. e4 Nf6 2. Nc3 d5 3. exd5 Nxd5 4. Nxd5 Qxd5 5. Nf3 Bg4 6. Be2 Nc6 7. d3 Nd4 8. c3 Nxf3+ 9. Bxf3 Bxf3 10. Qxf3 Qxf3 11. gxf3 0-0-0 12. d4 f6 13. Be3 e5 14. 0-0-0 exd4 15. Rxd4 Rxd4 16. Bxd4 b6 17. Kb1 Bd6 18. h3 Re8 19. Be3 f5 20. Re1 Bf4 21. Kc2 Bd6 22. Bd2 Rxe1 23. Bxe1 g5 24. Bd2 f4 25. a4 a5 26. b3 Be5 1-0

[Event "Almeria-ch Juvenil"]
[Site "Almeria"]
[Date "2011.01.22"]
[Round "1.6"]
[White "Ucles Lirola, Moises"]
[Black "Vico Moreno, Angel"]
[Result "1/2-1/2"]
[WhiteElo "1685"]
[BlackElo "1357"]
[PlyCount "77"]
[EventDate "2011.01.22"]
[EventType "swiss"]
[EventRounds "6"]
[EventCountry "ESP"]
[SourceTitle "EXT 2024"]
[Source "ChessBase"]
[SourceDate "2023.10.10"]
[SourceVersion "1"]
[SourceVersionDate "2023.10.10"]
[SourceQuality "1"]

1. e4 d6 2. d4 Nf6 3. Nc3 g6 4. Nf3 Bg7 5. g3 0-0 6. Bg2 Bg4 7. 0-0 Nc6 8. Be3 e5 9. d5 Na5 10. b3 c6 11. Qd2 cxd5 12. exd5 b6 13. Bh6 Rc8 14. Bxg7 Kxg7 15. Rfe1 Qc7 16. Nb5 Qxc2 17. Nxd6 Qxd2 18. Nxd2 Rcd8 19. N2c4 Nxc4 20. Nxc4 Nxd5 21. Rxe5 Nc3 22. Re7 Rd7 23. Re3 Nd5 24. Rd3 Nb4 25. Rxd7 Bxd7 26. Rd1 Be6 27. Rd2 Bxc4 28. bxc4 Rc8 29. Bf1 Rc5 30. a3 Nc6 31. f4 Ra5 32. Bg2 Ne7 33. Rd3 Ra4 34. Rc3 Kf6 35. Kf2 Ke6 36. Be4 Kd6 37. Ke3 Kc5 38. Kd3 f5 39. Bb7 1/2-1/2